LEADER 04815nam 2200733 450 001 9910140478403321 005 20221206173330.0 010 $a1-119-00033-5 010 $a1-118-83761-4 010 $a1-119-00032-7 024 7 $a10.1002/9781119000334 035 $a(CKB)2670000000588479 035 $a(EBL)1895642 035 $a(SSID)ssj0001401554 035 $a(PQKBManifestationID)11836766 035 $a(PQKBTitleCode)TC0001401554 035 $a(PQKBWorkID)11349073 035 $a(PQKB)10253553 035 $a(PQKBManifestationID)16037351 035 $a(PQKB)24317931 035 $a(MiAaPQ)EBC1895642 035 $a(DLC) 2014029108 035 $a(CaBNVSL)mat07043962 035 $a(IDAMS)0b0000648294b06c 035 $a(IEEE)7043962 035 $a(PPN)256465304 035 $a(EXLCZ)992670000000588479 100 $a20151222d2015 uy 101 0 $aeng 135 $aur|n|---||||| 181 $ctxt 182 $cc 183 $acr 200 00$aCable networks, services and management /$fedited by Mehmet Toy 210 1$aHoboken, New Jersey :$cWiley,$d[2015] 210 2$a[Piscataqay, New Jersey] :$cIEEE Xplore,$d[2015] 215 $a1 online resource (372 p.) 225 1 $aIEEE Press series on networks and services management ;$v[13] 300 $aDescription based upon print version of record. 311 $a1-322-52069-0 311 $a1-118-83759-2 320 $aIncludes bibliographical references and index. 327 $aPreface vii -- Contributors ix -- 1 INTRODUCTION AND OVERVIEW 1 -- 1.1 Introduction 1 -- 1.2 Residential Network Architectures and Services 2 -- 1.3 OAMPT (Operations, Administration, Maintenance, Provisioning, Troubleshooting) for Residential Services 4 -- 1.4 Business Network Architectures and Services 6 -- 1.5 OAMPT for Business Services 7 -- 1.6 Future Directions in Cable Networks, Services and Management 8 -- 2 RESIDENTIAL NETWORK ARCHITECTURES AND SERVICES 11 -- 2.1 Introduction 11 -- 2.2 DOCSIS 3.0/3.1 Architecture and Services 12 -- 2.3 PacketCable Architecture and Services 22 -- 2.4 Ims Architecture and Services 26 -- 2.5 Iptv Architecture and Services 34 -- 2.6 Cdn Architecture and Services 45 -- 2.7 Ccap Architectures and Services 53 -- 2.8 Wi-Fi Architecture and Services 69 -- 2.9 Conclusion 78 -- References 80 -- 3 OPERATIONS, ADMINISTRATION, MAINTENANCE, PROVISIONING, AND TROUBLESHOOTING FOR RESIDENTIAL SERVICES 84 -- 3.1 Introduction 84 -- 3.2 Operational Systems and Management Architectures 85 -- 3.3 Service Orders 89 -- 3.4 Provisioning 91 -- 3.5 Fault Management 92 -- 3.6 Performance Management 94 -- 3.7 Billing Systems and Formats 97 -- 3.8 Security 99 -- 3.9 Conclusion 131 -- References 132 -- 4 BUSINESS NETWORK ARCHITECTURES AND SERVICES 134 -- 4.1 Introduction 134 -- 4.2 Metro Ethernet Architecture and Services 135 -- 4.3 DPoE Architecture and Services 161 -- 4.4 EPoC Architecture and Services 168 -- 4.5 Business Voice 171 -- 4.6 Conclusion 180 -- References 181 -- 5 OPERATIONS, ADMINISTRATION, MAINTENANCE, PROVISIONING, AND TROUBLESHOOTING FOR BUSINESS SERVICES 183 -- 5.1 Introduction 183 -- 5.2 Operations Systems and Management Architectures 184 -- 5.3 Service Orders 196 -- 5.4 Provisioning 205 -- 5.5 Fault Management 224 -- 5.6 Performance Management 230 -- 5.7 Billing Systems and Formats 235 -- 5.8 Security 236 -- 5.9 Conclusion 241 -- References 243 -- 6 FUTURE DIRECTIONS IN CABLE NETWORKS, SERVICES AND MANAGEMENT 246 6.1 Introduction 246. 327 $a6.2 Cloud Services 247 -- 6.3 Virtualization 274 -- 6.4 Network Functions Virtualization 295 -- 6.5 Software-Defined Networks 297 -- 6.6 Self-Managed Networks 318 -- 6.7 Conclusion 337 -- References 338 -- Index 341. 330 $a"This book will focus on residential and commercial services provided by MSOs (Multiple System Operators), the networks supporting these services, and management of networks and services. The book will cover current technologies used by MSOs and future directions pointing out areas requiring further research"--$cProvided by publisher. 410 0$aIEEE Press series on networks and services management ;$v[13]. 606 $aIntegrated services digital networks 606 $aInternet service providers$xManagement 606 $aHome computer networks 606 $aCable television 615 0$aIntegrated services digital networks. 615 0$aInternet service providers$xManagement. 615 0$aHome computer networks. 615 0$aCable television. 676 $a384.068 686 $aTEC041000$2bisacsh 702 $aToy$b Mehmet 801 0$bCaBNVSL 801 1$bCaBNVSL 801 2$bCaBNVSL 906 $aBOOK 912 $a9910140478403321 996 $aCable networks, services and management$92176812 997 $aUNINA LEADER 03320oam 2200625zu 450 001 9911019986003321 005 20251116150006.0 010 $a0-470-84615-1 010 $a9786610554799 010 $a1-280-55479-7 035 $a(CKB)111056485558378 035 $a(SSID)ssj0000080527 035 $a(PQKBManifestationID)11121093 035 $a(PQKBTitleCode)TC0000080527 035 $a(PQKBWorkID)10096269 035 $a(PQKB)10125436 035 $a(MiAaPQ)EBC4957421 035 $a(Au-PeEL)EBL4957421 035 $a(CaONFJC)MIL55479 035 $a(OCoLC)85820172 035 $a(EXLCZ)99111056485558378 100 $a20160829d2001 uy 101 0 $aeng 135 $aurcnu|||||||| 181 $ctxt 182 $cc 183 $acr 200 10$aTraceable temperatures : an introduction to temperature measurement and calibration 205 $a2nd ed. 210 31$a[Place of publication not identified]$cWiley$d2001 215 $a1 online resource (435 pages) 225 1 $aWiley Series in Measurement Science and Technology 300 $aBibliographic Level Mode of Issuance: Monograph 311 08$a0-471-49291-4 311 08$a0-470-85248-8 330 $aThe concept of traceability has evolved to ensure measurements can be communicated consistently and unambiguously. This new edition of a classic reference offers a systematic treatment of traceable temperature measurement and presents a practical guide to the principles and purpose of measurements. With an emphasis on recognizing sources of uncertainty, Nicholas and White examine the most commonly used thermometers: liquid-in-glass thermometers, platinum resistance thermometers, thermocouples and radiation thermometers. The new edition features: How to make measurements fit for purpose; the importance of traceability, uncertainty and measurement standards. The latest advances in industrial and laboratory thermometry, with a unique emphasis on practical advice on how to recognise and treat errors. An updated chapter on calibration, reflecting the changes brought about by the release of the ISO 17025 standard for laboratory accreditation. A systematic treatment of uncertainty in measurement consistent with ISO guidelines, including numerous thermometry examples and exercises.; Practising engineers, scientists and technicians will value the authors' emphasis on practical advice combined with quality concepts. Engineering students, researchers and instrument manufacturers will benefit from the self-teaching approach. 410 0$aWiley Series in Measurement Science and Technology 606 $aTemperature measurements$xCalibration 606 $aTemperature measuring instruments 606 $aPhysics$2HILCC 606 $aPhysical Sciences & Mathematics$2HILCC 606 $aThermodynamics$2HILCC 615 0$aTemperature measurements$xCalibration. 615 0$aTemperature measuring instruments. 615 7$aPhysics 615 7$aPhysical Sciences & Mathematics 615 7$aThermodynamics 676 $a536/.5/0287 700 $aNicholas$b J. V.$01838234 702 $aWhite$b D. R. 801 0$bPQKB 906 $aBOOK 912 $a9911019986003321 996 $aTraceable temperatures : an introduction to temperature measurement and calibration$94417181 997 $aUNINA LEADER 04030nam 22007095 450 001 9911049079703321 005 20260102120623.0 010 $a3-032-04218-6 024 7 $a10.1007/978-3-032-04218-7 035 $a(CKB)44770150100041 035 $a(MiAaPQ)EBC32470023 035 $a(Au-PeEL)EBL32470023 035 $a(DE-He213)978-3-032-04218-7 035 $a(OCoLC)1572207689 035 $a(EXLCZ)9944770150100041 100 $a20260102d2025 u| 0 101 0 $aeng 135 $aur||||||||||| 181 $ctxt$2rdacontent 182 $cc$2rdamedia 183 $acr$2rdacarrier 200 10$aEconomic Resilience and Sustainability?Vol. 1 $e8th International Scientific Conference on Business and Economics (ISCBE), Tetovo, North Macedonia, May 2025 /$fedited by Veland Ramadani, Abdylmenaf Bexheti, Hyrije Abazi-Alili, Christina Theodoraki, Gadaf Rexhepi, Besnik A. Krasniqi 205 $a1st ed. 2025. 210 1$aCham :$cSpringer Nature Switzerland :$cImprint: Springer,$d2025. 215 $a1 online resource (902 pages) 225 1 $aSpringer Proceedings in Business and Economics,$x2198-7254 311 08$a3-032-04217-8 327 $aThe Impact of Renewable Energy Consumption on Economic Growth: Evidence from Developed and Developing European Countries -- Why do they leave? An empirical study on migration determinants in the Western Balkans -- Analysis of the business result of the Airbnb platform in post Covid-19 time -- Chatbot Optimization Strategies to Enhance the Competitiveness of Tourism Entrepreneurs in Indonesia -- Leveraging a Multi-Sided Digital Platform in EDIH-Enhanced Innovation Ecosystem Design -- Corruption in the Private Sector: A Legal Perspective in North Macedonia -- Exploring the Role of Entrepreneurship Education in the Social Reintegration of Former Prisoners -- The Right to Compensation for Victims of Domestic Violence. 330 $aThis book is the first volume presenting carefully selected chapters from the proceedings of the 8th International Scientific Conference on Business and Economics (ISCBE), Tetovo, North Macedonia, which took place in May 2025. The chapters explore the interplay between green and digital transformations, highlighting how businesses and economies can leverage technology and innovation to achieve sustainability goals. They cover a wide range of areas relevant to contemporary business and economics issues such as sustainable business models, digital integration for green growth, economic policies for resilience, circular economy practices, and the role of finance in fostering sustainability. The book is an essential compass for business leaders to navigate the complex challenges posed by the impact of global economic tensions and competition on sustainability efforts. . 410 0$aSpringer Proceedings in Business and Economics,$x2198-7254 606 $aIndustrial organization 606 $aSustainability 606 $aStrategic planning 606 $aLeadership 606 $aEnvironmental economics 606 $aIndustrial Organization 606 $aSustainability 606 $aBusiness Strategy and Leadership 606 $aEnvironmental Economics 615 0$aIndustrial organization. 615 0$aSustainability. 615 0$aStrategic planning. 615 0$aLeadership. 615 0$aEnvironmental economics. 615 14$aIndustrial Organization. 615 24$aSustainability. 615 24$aBusiness Strategy and Leadership. 615 24$aEnvironmental Economics. 676 $a338.6 700 $aRamadani$b Veland$01061400 701 $aBexheti$b Abdylmenaf$01736823 701 $aAbazi-Alili$b Hyrije$01736824 701 $aTheodoraki$b Christina$01846715 701 $aRexhepi$b Gadaf$01887163 701 $aKrasniqi$b Besnik A$01866124 801 0$bMiAaPQ 801 1$bMiAaPQ 801 2$bMiAaPQ 906 $aBOOK 912 $a9911049079703321 996 $aEconomic Resilience and Sustainability?Vol. 1$94534484 997 $aUNINA